000 02551cam a22004574i 4500
003 PE-LiUPU
005 20250731165435.0
008 160429s2014 pe a grm 000 0 spa d
035 _a(Sirsi) a156576
040 _aPE-LiUPU
_bspa
_cPE-LiUPU
_erda
099 _aTA 2
_bA45 2014
100 1 _aAlomía Lozano, Danny Lita
_eautor
245 1 _aInteriozación de las normas del protocolo de actos académicos por los administradores, docentes y personal de apoyo de la Universidad Peruana Unión, año 2014 /
_cDanny Lita Alomía Lozano.
264 0 _c2014.
300 _a133 hojas :
_bilustraciones;
_c30 cm
336 _atext
_2rdacontent
337 _aunmediated
_2rdamedia
338 _avolume
_2rdacarrier
502 _aTesis
_b(Lic.) --
_cUniversidad Peruana Unión,
_d2014.
504 _aIncluye referencias
520 3 _aLa presente investigación tuvo el propósito de analizar el nivel de interiorización tanto a nivel de conocimientos, prácticas y actitudes en la aplicación de las normas del protocolo de actos académicos por los administradores y docentes de la Universidad Peruana Unión en el desarrollo de los eventos académicos del año lectivo 2014. El método de estudio corresponde a una investigación descriptiva comparativa, descriptiva, siendo que se midió independientemente el nivel de interiorización en cada dimensión considerada tanto de los administradores, docentes y personal de apoyo; y comparativa pues se trata de establecer las diferencias o semejanzas por los niveles de interiorización que lo definen, en base a la descripción. El diseño corresponde a un estudio observacional donde la recolección a un estudio observacional donde la recolección de datos fue a través de la aplicación del instrumento "cuestionario sobre el nivel de interiozación cognitiva, actitudinal y práctica del protocolo de actos académicos por los administradores, docentes y personal de apoyo de la UPeU.
526 _aSEG44
526 _aSEG26
526 _aP151
526 _aP150
526 _aP149
526 _aP146
526 _aP145
526 _aP126
526 _aP125
526 _aP92
526 _aP75
526 _aP74
526 _aP27
526 _aP15
650 0 4 _aProtocolo
_xSistema de normas
_xReglas de formalidad.
700 1 _aLazo Palacios, Nancy Abigail
_eautor
596 _a1
942 _2ddc
_cTESIS
999 _aTA 2 A45 2014
_wALPHANUM
_c9236
_iT01920
_lCCODEBUL3
_mBUL
_r1
_sY
_tTESIS
_u2016-4-29
_xFCE
_PP01
_o.STAFF. Tesis
_d9236
980 _81
_gALBERTO SANCHEZ Responsable de Automatización